|
|
|
|
| LEADER |
00763nam a2200193 a 4500 |
| 001 |
12254882 |
| 008 |
090706s2000 bg a 000 0 eng d |
| 010 |
|
|
|a 00403103
|
| 082 |
0 |
0 |
|a 954.92
|2 21
|
| 100 |
1 |
|
|a Hossain, Anwar,
|d 1948-
|
| 245 |
1 |
2 |
|a A voyage through Bangladesh /
|c images by Anwar Hossain.
|
| 250 |
|
|
|a Limited 1st ed.
|
| 260 |
|
|
|a Dhaka :
|b Unidev Publications,
|c 2000.
|
| 300 |
|
|
|a 152 p. :
|b chiefly col. ill. ;
|c 23 x 30 cm.
|
| 541 |
1 |
|
|e 00011780
|
| 651 |
|
0 |
|a Bangladesh
|v Pictorial works.
|
| 852 |
4 |
|
|a Ayesha Abed Library
|j General Shelf.
|
| 999 |
|
|
|c 2145
|d 2145
|
| 952 |
|
|
|0 0
|1 0
|2 ddc
|4 0
|6 954_920000000000000_HOS
|7 0
|9 1976
|a BRACUL
|b BRACUL
|c GEN
|d 2009-07-07
|g 0.00
|l 0
|o 954.92 HOS
|p 3010011780
|r 2009-07-07
|t 1
|w 2009-07-07
|y BK
|x No price found in the accession register.
|